000 00589nam a22001937a 4500
003 OSt
005 20150321083037.0
008 150220b xxu||||| |||| 00| 0 eng d
040 _cBMC
082 _a808.0687284
100 1 _aRivas Bonilla, Alberto
_929767
_c1891-1985
245 1 0 _aMe monto en un potro...
_b: (cuentos)
_cAlberto Rivas Bonilla
250 _a[4ª ed. aum.]
260 _aSan Salvador
_bMinisterio de Educación, Dirección de Publicaciones
_c[1977]
300 _a295 p.
_c18 cm
490 _aContemporáneos
650 2 4 _929639
_aCuentos salvadoreños
942 _2ddc
_cBK
999 _c18793
_d18793